Word Ladder: Apostle Jostle Quiz Stats

 Plays Quiz Updated Aug 27, 2015

Challenge
Share
Tweet
Embed
Score 0/24 Timer 04:00
1 Play Today
Hint 5-Letter Word % Correct
H₂OWATER
97.2%
A betWAGER
94.5%
Actor Law, et al.JUDES
90.7%
Hearsay or gossipRUMOR
89.6%
** Apostle of Jesus **JUDAS
89.5%
Green gemsJADES
89.1%
An unnaturally growing massTUMOR
88.9%
** Apostle of Jesus **PETER
88.8%
** Apostle of Jesus **JAMES
87.6%
Latin fatherPATER
86.6%
Knighted womenDAMES
84.2%
Bruce & Demi's daughterRUMER
81.8%
Hint 5-Letter Word % Correct
Palm fruitsDATES
81.5%
Common straight edgeRULER
78.3%
Engaged in, like a warWAGED
75.3%
ControlledRULED
74.8%
Device for stamping when something was receivedDATER
73%
Impede or rebuffDETER
73%
_____-LesteTIMOR
68.5%
** Apostle of Jesus **SIMON
60%
Shakepeare's _____ of AthensTIMON
56.6%
Whipped and left marksWALED
40.8%
Didn't measure up, in comparisonPALED
35.1%
WeptPULED
33.7%

Today's Daily Dose

You're not logged in!

Compare scores with friends on all Sporcle quizzes.
Join for Free
OR
Log In

You Might Also Like...

Show Comments

Extras

Top Quizzes Today


Score Distribution

Your Account Isn't Verified!

In order to create a playlist on Sporcle, you need to verify the email address you used during registration. Go to your Sporcle Settings to finish the process.

Report this User

Report this user for behavior that violates our Community Guidelines.

Details: